| 000 | 01261cad a22002175a 4500 | ||
|---|---|---|---|
| 001 | L137566 | ||
| 008 | 070416e20070410xxk f 000 0 eng d | ||
| 035 | _a(Sirsi) u137566 | ||
| 041 | 0 | _aeng | |
| 050 | 0 | 4 | _a306.1 $2 18 |
| 110 | 2 | _aHousing Corporation | |
| 245 | 0 | 0 |
_aDesign and quality standards _h[electronic resource] |
| 260 |
_aLondon _bHousing Corporation _c2007 |
||
| 520 | _aSets out the Corporation?s requirements and recommendations for all new homes which receive Social Housing Grant. Gives performance standards which define the minima that is expected in return for public funds invested in SHG. Details an appropriate standard of design and quality for specified types and categories of accommodation. Also sets out further enhanced standards that will improve the design and quality of schemes and be reflected in the Corporation?s assessment of affordable housing providers through the Value for Grant Comparator Tool. | ||
| 590 | _aKA NTK | ||
| 650 | 2 | 4 |
_aAffordable housing _96215 |
| 651 | 4 |
_aEngland and Wales _y1543- |
|
| 690 | _aPROPERTY-RESIDENTIAL PROPERTY-RESIDENTIAL PROPERTY DEVELOPMENT | ||
| 856 | 4 | 0 |
_uhttps://www.housingcorp.gov.uk/server/show/nav.440 _zView the item free of charge at www.housingcorp.gov.uk... |
| 942 | _n0 | ||
| 999 |
_c106825 _d106825 |
||